Warhammer 40,000: Space Marine Chapters - Statistics

General Stats
  • This quiz has been taken 310 times
  • The average score is 14 of 25
Answer Stats
Hint Chapter % Correct
The boys in blue; poster children of the entire setting Ultramarines
93%
Their chapter master is the oldest living space marine Blood Angels
88%
They made alcohol so strong it would kill a normal human Space Wolves
84%
They exist in a constant state of crusading and revere the Emperor as a God Black Templars
83%
Parent chapter known as "the unforgiven". Has a knights of the round table aesthetic Dark Angels
82%
"The Flesh is Weak"; their Primarch was first to die in the heresy. Iron Hands
81%
Yellow siege masters Imperial Fists
80%
"Into the fires of battle, unto the anvil of war!" Salamanders
80%
A Secret chapter dedicated to hunting daemons Grey Knights
79%
The Emperor's personal Bodyguard (not space marines but who cares) Adeptus Custodes
77%
Enjoy the use of stealth tactics. Their Primarch is hunting Lorgar in the Eye of Terror Raven Guard
76%
The speed of the kill, The thrill of the hunt White Scars
76%
Alien hunters in the inquisition's pocket Deathwatch
63%
Parent chapter unknown. First appeared inDawn of War. Blood Ravens
62%
Very unlucky Lamenters
55%
Famed successor of the above Crimson Fists
50%
Mysterious chapter that appears from the warp at dire times The Legion of the Damned
39%
Often used by the High lords of Terra to hunt Traitors Minotaurs
37%
Particularly barbaric successors of #5 Flesh Tearers
35%
Their chapter master is the largest space marine in existence Carcharodons
27%
Went renegade, transforming into the Red Corsairs Astral Claws
25%
They induct aspirants by inserting a daemon into them. The Exorcists
24%
An entirely Primaris successor of #8 Wolfspear
9%
Home chapter of Captain Messinius, one of Guilliman's advisors White Consuls
8%
Fought in the Badab war; have a chequerboard colourway Howling Griffons
4%
No matching quizzes found
Score Distribution
Percent of People with Each Score
Percentile by Number Answered
Your Score History
You have not taken this quiz